Sakson, Andrzej, 1952-. Stosunki narodowościowe na Warmii i Mazurach. - Poznań : Inst. Zachodni. - 1998 [Rezension]
| Titel: | Sakson, Andrzej, 1952-. Stosunki narodowościowe na Warmii i Mazurach. - Poznań : Inst. Zachodni. - 1998 [Rezension] |
|---|---|
| Verfasser: | |
| In: |
Rocznik Mazurski, Band 4 (1999), Seite 85-89 alle Artikel anzeigen |
| Veröffentlicht: | 1999 |
| Format: | Aufsatz |
| Sprache: | Polnisch |
X
alg: 39526233 001A $01999:12-11-16 001B $01999:09-08-21 $t22:54:21.000 001C $06050:14-11-16 $t07:19:18.000 001D $01999:12-11-16 001U $0utf8 001X $00 002@ $0Aox 003@ $039526233X 007A $039526233X $aHEB 007T $0Herdt12212 010@ $apol 011@ $a1999 021A $aSakson, Andrzej, 1952-. Stosunki narodowościowe na Warmii i Mazurach. - Poznań : Inst. Zachodni. - 1998 [Rezension] 028A $aTomkiewicz $dRyszard 031A $d4 $h85-89 $j1999 039B $aIn $8--Abvc--. Rocznik Mazurski. - Szczytno : Starost Powiatowe w Szczytnie, 1996-. - ISSN 1426-5273 $x199900000040000915 $9054895065 039T $8--Aau--Sakson, Andrzej$Z1952- [Tp1]. Stosunki narodowościowe na Warmii i Mazurach. - Wyd. 1.. - Poznań : Inst. Zachodni, 1998. - 428 S.. - ISBN 83-85003-94-0 $905992487X 045F $a900.94382 $eDDC23BSB 045F/01 $a900 045F/03 $g4382 045F/03 $g43832 045T $aOST $qDE-12 $2FID 045T $a7,41 lok: 39526233 78 exp: 39526233 78 1 #EPN 201B/01 $018-11-16 $t14:19:46.000 201U/01 $0utf8 203@/01 $0791600661 208@/01 $a12-11-16 $be 209A/01 $a/ $f000 $x00 220C/01 $aTitelaufnehmer: uz;gk 220C/01 $aHerkunft: UMK/BU Toruń 244Z/01 $2Trx $#Prusy Wschodnie i Zachodnie $8--Trx--Ost- und Westpreußen $x01 $939113373X 244Z/01 $2Trx $#arvustused $#recenzijos $#Reviews $#recenziók $#recenzje $#recenzie $#recenze $8--Trx--Rezensionen $x02 $9391357441 247C/01 $82080>Marburg/Lahn, Herder-Institut, Forschungsbibliothek, Bibliographieportal $9336309341
| LEADER | 00000caa a22000002c 4500 | ||
|---|---|---|---|
| 001 | 39526233X | ||
| 003 | DE-603 | ||
| 005 | 20210809225421.0 | ||
| 007 | tu | ||
| 008 | 161112s1999 xx |||| | u00||u|pol c | ||
| 035 | |a (DE-599)HEB39526233X | ||
| 040 | |a DE-603 |b ger |c DE-603 |d DE-603 | ||
| 041 | |a pol | ||
| 082 | 0 | 4 | |8 1\u |a 900.94382 |q DE-101 |2 23/BSB |
| 084 | |a OST |q DE-12 |2 fid | ||
| 084 | |a 7,41 |2 ssgn | ||
| 085 | |8 1\u |b 900 | ||
| 085 | |8 1\u |z 2 |s 4382 | ||
| 085 | |8 1\u |z 2 |s 43832 | ||
| 100 | 1 | |a Tomkiewicz, Ryszard | |
| 245 | 0 | 0 | |a Sakson, Andrzej, 1952-. Stosunki narodowościowe na Warmii i Mazurach. - Poznań : Inst. Zachodni. - 1998 [Rezension] |
| 264 | 0 | |c 1999 | |
| 773 | 0 | 8 | |i In |t Rocznik Mazurski |d Szczytno : Starost Powiatowe w Szczytnie, 1996- |x 1426-5273 |g Band 4 (1999), Seite 85-89 |w (DE-603)054895065 |w (DE-600)1381554-4 |
| 787 | 0 | 8 | |i Rezension von |a Sakson, Andrzej, 1952- |t Stosunki narodowościowe na Warmii i Mazurach |b Wyd. 1. |d Poznań : Inst. Zachodni, 1998 |h 428 S. |z 8385003940 |w (DE-603)05992487X |
| 924 | 0 | |9 2080 |a (DE-603)791600661 |b DE-2080 |c HES |d d |g / | |


